Ritikalin sahity kosh. (Record no. 101246)

MARC details
000 -LEADER
fixed length control field 00619nam a2200205Ia 4500
003 - CONTROL NUMBER IDENTIFIER
control field OSt
005 - DATE AND TIME OF LATEST TRANSACTION
control field 20260406144158.0
008 - FIXED-LENGTH DATA ELEMENTS--GENERAL INFORMATION
fixed length control field 210210b1997 xxu||||| |||| 00| 0 eng d
020 ## - INTERNATIONAL STANDARD BOOK NUMBER
International Standard Book Number 81 7119 335 8
040 ## - CATALOGING SOURCE
Transcribing agency AL
041 ## - LANGUAGE CODE
Language code of text/sound track or separate title Kannada
082 ## - DEWEY DECIMAL CLASSIFICATION NUMBER
Classification number H491.3 SIMR
100 ## - MAIN ENTRY--PERSONAL NAME
Personal name SIMHA (Vijaypal).
Dates associated with a name सिंह (विजयपाल)
9 (RLIN) 260301
245 ## - TITLE STATEMENT
Title Ritikalin sahity kosh.
Remainder of title रीतिकालीन साहित्य कोष
260 ## - PUBLICATION, DISTRIBUTION, ETC.
Place of publication, distribution, etc. Nayi Dilli.
Name of publisher, distributor, etc. RadhaKrashn Prakashan Praivat Limited.,
Date of publication, distribution, etc. 1997
300 ## - PHYSICAL DESCRIPTION
Extent 705
690 ## - LOCAL SUBJECT ADDED ENTRY--TOPICAL TERM (OCLC, RLIN)
Topical term or geographic name as entry element Hindi Dictionary
9 (RLIN) 260302
906 ## - LOCAL DATA ELEMENT F, LDF (RLIN)
a 052658
942 ## - ADDED ENTRY ELEMENTS (KOHA)
Source of classification or shelving scheme Dewey Decimal Classification
Koha item type Book
Holdings
Withdrawn status Lost status Source of classification or shelving scheme Damaged status Not for loan Collection code Home library Current library Shelving location Date acquired Cost, normal purchase price Total Checkouts Full call number Barcode Date last seen Price effective from Koha item type
    Dewey Decimal Classification     Hindi St Aloysius Library St Aloysius Library   02/17/2021 600.00   H491.3 SIMR 052658 02/17/2021 02/17/2021 Book